| 000 | 00585nam a2200145 a 4500 | ||
|---|---|---|---|
| 001 | 000031081 | ||
| 005 | 20200930062707.0 | ||
| 008 | 110613s1952 dr 000 0 spa d | ||
| 040 |
_aDO-SdBNP _bspa _cBNPHU |
||
| 110 | 1 |
_aRepública Dominicana _bSecretaría de Estado del Tesoro y Crédito Público _97926 |
|
| 245 | 1 | 0 | _aResulución aprobatoria del reglamento interior de la dirección general de impuesto sobre beneficios. |
| 260 |
_aCiudad Trujillo, República Dominicana : _bSecretaría de Estado del Tesoro y Crédito Público, _c1952. |
||
| 300 |
_a18 p. ; _c22 cm. |
||
| 049 | _aBNPD | ||
| 999 |
_c30573 _d30573 |
||